| 000 | 01060nam a22003617a 4500 | ||
|---|---|---|---|
| 001 | BR0301051 | ||
| 003 | BR-BrBNA | ||
| 005 | 20230928101234.0 | ||
| 007 | ta | ||
| 008 | 230509b bl.||||| |||| 00| 0 por d | ||
| 040 |
_aBR-BrBNA _bpor _cBiblioteca Nacional de Agricultura |
||
| 041 | _a(Por) | ||
| 072 |
_aL50; L01; L10 _b5240 |
||
| 090 | _ 5240 BR0301051 | ||
| 100 | 1 | _aBrandão, H. de M. | |
| 110 | 1 |
_aUniversidade Federal de Lavras, MG (Brasil) _0Tese (Mestrado) |
|
| 245 | 1 | _aAtividade enzimática em distintos depósitos de gordura de diferentes grupos genéticos de ovinos | |
| 260 | 3 |
_aLavras, MG (Brasil): _c2002. |
|
| 300 | _a76 p. | ||
| 500 | _aSummaries (Eng, Por); 31 ref.; 10 illus.; 30 tables | ||
| 650 | _aOVINO | ||
| 650 | _aRAÇA | ||
| 650 | _aGORDURA | ||
| 650 | _aATIVIDADE ENZÍMICA | ||
| 650 | _aVARIAÇÃO GENÉTICA | ||
| 650 | _aDIETA | ||
| 650 | _aGANHO DE PESO | ||
| 650 | _aABATE | ||
| 650 | _aMÉTODO ESTATÍSTICO | ||
| 650 | _aBIOQUÍMICA ANIMAL | ||
| 909 |
_a202309 _bLucia _c55 _dLucia Elande |
||
| 942 | _cBK | ||
| 999 |
_c64877 _d64877 |
||